Los objetos / (Record no. 109920)

MARC details
000 -LEADER
campo de control de longitud fija 00691nam a2200217 i 4500
001 - NÚMERO DE CONTROL
campo de control 109920
003 - IDENTIFICADOR DE NÚMERO DE CONTROL
campo de control ES-MaACL
005 - FECHA Y HORA DE LA ÚLTIMA TRANSACCIÓN
campo de control 20260122220300.0
007 - CAMPO FIJO DE DESCRIPCIÓN FÍSICA--INFORMACIÓN GENERAL
campo de control de longitud fija t|
008 - DATOS DE LONGITUD FIJA--INFORMACIÓN GENERAL
campo de control de longitud fija 061121s1971 ag r ||||1| spa d
245 04 - MENCIÓN DEL TÍTULO
Título Los objetos /
Mención de responsabilidad, etc. Abraham A. Moles [et. al.]; traducción de Silvia Delpy.
260 ## - PUBLICACIÓN, DISTRIBUCIÓN, ETC.
Lugar de publicación, distribución, etc. Buenos Aires :
Nombre del editor, distribuidor, etc. Tiempo Contemporáneo,
Fecha de publicación, distribución, etc. 1971.
300 ## - DESCRIPCIÓN FÍSICA
Extensión 205 p. ;
Dimensiones 23 cm.
490 1# - MENCIÓN DE SERIE
Mención de serie Comunicaciones
650 07 - PUNTO DE ACCESO ADICIONAL DE MATERIA--TÉRMINO DE MATERIA
Término de materia o nombre geográfico como elemento de entrada Medios de comunicación social
Fuente del encabezamiento o término embne
9 (RLIN) 14961
700 1# - ENTRADA AGREGADA--NOMBRE PERSONAL
Nombre de persona Moles, Abraham A.,
Fechas asociadas al nombre 1920-1992
9 (RLIN) 81863
700 1# - ENTRADA AGREGADA--NOMBRE PERSONAL
Nombre de persona Delpy, Silvia.
9 (RLIN) 43589
830 0# - PUNTO DE ACCESO ADICIONAL DE SERIE-TÍTULO UNIFORME
Título uniforme Comunicaciones
9 (RLIN) 187411
852 ## - LOCALIZACIÓN
Ubicación ES-MaACL
Número de control de estantería E-8874
Sublocalización o colección R.93068
Holdings
Estatus retirado Estado de pérdida Estado de daño No para préstamo Biblioteca de origen Biblioteca actual Ubicación en estantería Fecha de adquisición Fuente de adquisición Total de préstamos Signatura topográfica completa Código de barras Visto por última vez Precio de reemplazo Tipo de ítem Koha
        Biblioteca del Ateneo de Madrid Biblioteca del Ateneo de Madrid Depósito 2 17/01/2008     E-8874 1114686 23/02/2023 23/02/2023 Libro impreso